Chile y su desarrollo económico en el siglo XX

Gorde:
Xehetasun bibliografikoak
Egile nagusia: Haindl Rondanelli, Erik (Egilea)
Formatua: Liburua
Hizkuntza:gaztelania
Argitaratua: Santiago Andrés Bello 2008
Edizioa:1a. ed
Gaiak:
Etiketak: Etiketa erantsi
Etiketarik gabe, Izan zaitez lehena erregistro honi etiketa jartzen!

MARC

LEADER 00000nam a2200000 a 4500
001 UCI7690
003 CL-VaPUC
008 080718e20080000CL |||||||||||||||||spa|d
020 |a 9789561319622 
082 0 4 |a 330.983  |b HAI  |2 21 
100 |a Haindl Rondanelli, Erik   |e author  |9 530968 
245 1 0 |a Chile y su desarrollo económico en el siglo XX 
250 |a 1a. ed 
300 |a 208 p 
942 |c BK 
945 |d 20080718 00:00:00  |a jtorresc 
260 |a Santiago  |b Andrés Bello  |c 2008 
650 7 |a ECONOMIA SIGLO 20  |2 CL-VaPUC  |9 326951 
650 7 |a CUENTAS NACIONALES  |2 CL-VaPUC  |9 344474 
650 0 |a Condiciones económicas  |9 258255 
650 0 |a Desarrollo económico  |9 259599 
651 7 |a CHILE  |2 CL-VaPUC  |9 530969 
583 |a last modification  |c 20080718 00:00:00  |k Rodrigo Vera 
999 |c 330875  |d 330873 
952 |0 0  |1 0  |4 0  |6 330_983000000000000_HAI_2008  |7 0  |8 A  |9 416788  |a BIBGIM  |b BIBGIM  |d 2019-11-22  |i 4456807  |l 1  |m 2  |o 330.983 HAI 2008  |p 4456807  |r 2025-01-15  |s 2024-04-15  |w 2019-11-22  |y BK  |k COM